000 00250nam a2200097Ia 4500
001 688028
005 20250826161607.0
008 250824s9999 xx 000 0 und d
245 0 _aSON İMPARATORLUK OSMANLI
_cİLBER ORTAYLI
260 _bTİMAŞ YAYINLARI
999 _c688028
_d688028